| 000 | 01073cam a22003737a 4500 | ||
|---|---|---|---|
| 003 | CHAP | ||
| 005 | 20220817043924.0 | ||
| 008 | 040115d2003 it rn 00110 eng d | ||
| 010 | _a87972 | ||
| 011 | _a88944 | ||
| 020 | _a9251049351 | ||
| 035 | _a99493 | ||
| 040 | _cCHAP | ||
| 082 | 0 | 4 |
_a639.2 _bF3 v.437 |
| 110 | 2 | _aFAO | |
| 245 | 1 | 0 |
_aIntroducing fisheries subsidies _c/by William E. Schrank |
| 260 |
_aRome : _bFAO, _c2003. |
||
| 300 | _a52 p. | ||
| 410 | _aFAO | ||
| 490 | 0 |
_aDocumento técnico de pesca _v; 437 |
|
| 590 |
_aBATCH-UPD _b10 _c20130110 _lUCH01 _h0607 |
||
| 590 |
_aBATCH-UPD _b10 _c20130410 _lUCH01 _h0249 |
||
| 590 |
_aBATCH-UPD _b10 _c20130914 _lUCH01 _h1214 |
||
| 590 |
_aCONVERSION _b10 _c20130109 _lUCH01 _h1349 |
||
| 650 | 1 | 4 | _aPesca. |
| 650 | 1 | 4 |
_aSubsidios. _9110160 |
| 700 | 0 | 0 |
_aSchrank, William E. _9103167 |
| 810 | 0 | _aFAO | |
| 830 | 0 | 0 |
_aDocumento técnico de pesca _v; 437 _933242 |
| 901 | _aBK | ||
| 905 | _aAlejandra Carrasco M. | ||
| 942 | _cLIBRO | ||
| 949 |
_a639.2 F3 v.437 _bBC _cFAO _d33724000911517 _eFAO1 _h104307 _i99493 _sb |
||
| 999 |
_c87972 _d87972 |
||